| 000 | 00685 a2200193 4500 | ||
|---|---|---|---|
| 999 |
_c7810 _d7810 |
||
| 010 | _aENG-88195 | ||
| 020 |
_a8183332366 _c180.00 |
||
| 035 | _aEN-71728 | ||
| 037 | _bDBAD / PUB | ||
| 082 | 1 | 4 | _a005.14 |
| 100 | 1 | _aKoirala, Shivprasad | |
| 245 | 1 |
_aSoftware testing interview questions: _cby Shivprasad Koirala [and] Sham Sheikh _b(covering SQA, CMMI, SIX Sigma, software automation and software estimation)/ |
|
| 260 |
_aNew Delhi _bBPB Publications _c2008 |
||
| 270 |
_aB-14, Connaught Place _bNew Delhi _e110 001 |
||
| 300 |
_axxi, 188p. _c24cm (Pbk ) _bill. _eCD-ROM |
||
| 500 | _aIncludes index | ||
| 700 | _aSheikh, Sham | ||
| 942 |
_adpl _cEN _2ddc _h005.14 _mKOI |
||